<?xml version="1.0" encoding="UTF-8"?>
<record
    xmlns:xsi="http://www.w3.org/2001/XMLSchema-instance"
    xsi:schemaLocation="http://www.loc.gov/MARC21/slim http://www.loc.gov/standards/marcxml/schema/MARC21slim.xsd"
    xmlns="http://www.loc.gov/MARC21/slim">

  <leader>00920nam a22001817a 4500</leader>
  <controlfield tag="003">BDDh-ASL</controlfield>
  <controlfield tag="005">20231015031306.0</controlfield>
  <controlfield tag="008">230401s1941    b  ||||| |||| 00| 0 b   d</controlfield>
  <datafield tag="040" ind1=" " ind2=" ">
    <subfield code="a">BDDh-ASL</subfield>
    <subfield code="c">BDDh-ASL</subfield>
  </datafield>
  <datafield tag="041" ind1=" " ind2=" ">
    <subfield code="a">ben</subfield>
  </datafield>
  <datafield tag="082" ind1=" " ind2=" ">
    <subfield code="a">297.3</subfield>
    <subfield code="b">SET </subfield>
  </datafield>
  <datafield tag="100" ind1="1" ind2=" ">
    <subfield code="a">&#x9B8;&#x9C7;&#x9A8;, &#x997;&#x9BF;&#x9B0;&#x9BF;&#x9B6;&#x99A;&#x9A8;&#x9CD;&#x9A6;&#x9CD;&#x9B0; </subfield>
    <subfield code="9">7830</subfield>
  </datafield>
  <datafield tag="245" ind1="1" ind2="0">
    <subfield code="a">&#x9A4;&#x9BE;&#x9AA;&#x9B8;&#x9AE;&#x9BE;&#x9B2;&#x9BE; : &#x985;&#x9B0;&#x9CD;&#x9A5;&#x9BE;&#x9CE; &#x9AE;&#x9CB;&#x9B8;&#x9B2;&#x9AE;&#x9BE;&#x9A8; &#x9A4;&#x9AA;&#x9B8;&#x9CD;&#x9AC;&#x9C0;&#x9A6;&#x9BF;&#x997;&#x9C7;&#x9B0; &#x99C;&#x9C0;&#x9AC;&#x9A8;&#x9AC;&#x9C3;&#x9A4;&#x9CD;&#x9A4;&#x9BE;&#x9A8;&#x9CD;&#x9A4; &#x9AA;&#x9BE;&#x9B0;&#x9B8;&#x9CD;&#x9AF;&#x9AA;&#x9C1;&#x9B8;&#x9CD;&#x9A4;&#x995; &#x9A4;&#x9C7;&#x99C;&#x995;&#x9B0;&#x9A4;&#x9CB;&#x9B2; &#x986;&#x993;&#x9B2;&#x9BF;&#x9AF;&#x9BC;&#x9BE; &#x9B9;&#x987;&#x9A4;&#x9C7; &#x9B8;&#x999;&#x9CD;&#x995;&#x9B2;&#x9BF;&#x9A4;, &#x9B7;&#x9B7;&#x9CD;&#x9A0; &#x9AD;&#x9BE;&#x997; ::</subfield>
    <subfield code="b">Tapasamala : or Lives of Mahomedans Saints / </subfield>
  </datafield>
  <datafield tag="260" ind1=" " ind2=" ">
    <subfield code="a">Calcutta : </subfield>
    <subfield code="b">Printed and Published by P. Ghose, </subfield>
    <subfield code="c">1941. </subfield>
  </datafield>
  <datafield tag="300" ind1=" " ind2=" ">
    <subfield code="a">114 p. : </subfield>
    <subfield code="c">22 cm. </subfield>
  </datafield>
  <datafield tag="650" ind1=" " ind2="0">
    <subfield code="a">Religion, &#x9A7;&#x9B0;&#x9CD;&#x9AE;, Dharma, faith, creed, law, worship, property, &#x986;&#x9B8;&#x9CD;&#x9A4;&#x9BF;&#x995;&#x9A4;&#x9BE;, &#x9A6;&#x9C0;&#x9A8;</subfield>
    <subfield code="9">2606</subfield>
  </datafield>
  <datafield tag="942" ind1=" " ind2=" ">
    <subfield code="2">ddc</subfield>
    <subfield code="c">BK</subfield>
  </datafield>
  <datafield tag="952" ind1=" " ind2=" ">
    <subfield code="0">0</subfield>
    <subfield code="1">0</subfield>
    <subfield code="2">ddc</subfield>
    <subfield code="4">0</subfield>
    <subfield code="7">0</subfield>
    <subfield code="8">NFIC</subfield>
    <subfield code="a">ASL</subfield>
    <subfield code="b">ASL</subfield>
    <subfield code="c">GEN</subfield>
    <subfield code="d">2023-04-01</subfield>
    <subfield code="e">Donated by Prof. Dr. M. Abdul Qayyum &amp; Dr. Razia Sultana</subfield>
    <subfield code="l">0</subfield>
    <subfield code="o">297.3 SET </subfield>
    <subfield code="p">120308</subfield>
    <subfield code="r">2023-04-01 00:00:00</subfield>
    <subfield code="t">C-1</subfield>
    <subfield code="w">2023-04-01</subfield>
    <subfield code="y">BK</subfield>
    <subfield code="z">Y-1941</subfield>
  </datafield>
  <datafield tag="999" ind1=" " ind2=" ">
    <subfield code="c">31604</subfield>
    <subfield code="d">31604</subfield>
  </datafield>
</record>
